[Event "ARG-ch U20"]
[Site "Buenos Aires"]
[Date "2023.02.18"]
[Round "4"]
[White "Marquez, Ivette Fiorela"]
[Black "Ruiz, Juan Ignacio"]
[Result "0-1"]
[WhiteElo "1362"]
[BlackElo "1916"]
[PlyCount "88"]
[EventDate "2023.02.17"]
[EventType "swiss"]
[EventRounds "9"]
[EventCountry "ARG"]
[SourceTitle "EXT 2024"]
[Source "ChessBase"]
[SourceDate "2023.10.10"]
[SourceVersion "1"]
[SourceVersionDate "2023.10.10"]
[SourceQuality "1"]

1. d4 d5 2. Nf3 Bf5 3. e3 Nf6 4. c4 e6 5. Nc3 c6 6. cxd5 exd5 7. Bd3 Bg6 8. 0-0 Bd6 9. Re1 Ne4 10. Qc2 f5 11. Nd2 Bxh2+ 12. Kf1 Bd6 13. Nf3 Nd7 14. Ne2 Qf6 15. Neg1 Bh5 16. Re2 g5 17. Qb3 Rb8 18. Rc2 0-0 19. Nd2 Kh8 20. f3 Ng3+ 21. Ke1 g4 22. Nf1 gxf3 23. Nxf3 Bxf3 24. gxf3 Nxf1 25. Bxf1 Rfe8 26. Qd3 Re7 27. Kd1 Rbe8 28. Re2 Nf8 29. b3 Ng6 30. Bb2 Nh4 31. f4 Ng6 32. Kc2 Re4 33. Bg2 Nxf4 34. Qd2 Nxg2 35. Rxg2 Rxe3 36. Rag1 f4 37. Bc1 R3e4 38. Qd1 f3 39. Qf1 Re2+ 40. Kc3 c5 41. Rxe2 Rxe2 42. Qd1 cxd4+ 43. Kd3 Qf5+ 44. Kxd4 Qe4+ 0-1